[Event "IECC CL5-2008.10 email"]
[Site "IECC email"]
[Date "2008.07.18"]
[Round "?"]
[White "Wingate, Matthew"]
[Black "Quinlan, John"]
[Result "1-0"]
[WhiteElo "1497"]
[BlackElo "1413"]
[PlyCount "37"]
[EventDate "2008.??.??"]
[EventType "tourn (corr)"]
[EventRounds "4"]
[SourceTitle "Corr 2013"]
[Source "ChessBase"]
[SourceDate "2012.11.12"]
[SourceVersion "1"]
[SourceVersionDate "2012.11.12"]
[SourceQuality "1"]
[WhiteTeam "US of America"]
[BlackTeam "Germany"]
[WhiteTeamCountry "USA"]
[BlackTeamCountry "GER"]

1. e4 e5 2. Bc4 Nf6 3. d3 Bc5 4. Nc3 0-0 5. f4 d6 6. Nf3 Ng4 7. Qe2 Nc6 8. f5 Bf2+ 9. Kd1 Bc5 10. Rf1 Nf6 11. Be3 Bxe3 12. Qxe3 Bd7 13. h3 Qe8 14. g4 h6 15. g5 Nh7 16. gxh6 gxh6 17. Qxh6 Qe7 18. Rg1+ Kh8 19. Qg7# 1-0

[Event "IECC CL5-2008.10 email"]
[Site "IECC email"]
[Date "2008.07.18"]
[Round "?"]
[White "Wingate, Matthew"]
[Black "Van't Hof, Gert"]
[Result "0-1"]
[WhiteElo "1491"]
[BlackElo "1578"]
[PlyCount "64"]
[EventDate "2008.??.??"]
[EventType "tourn (corr)"]
[EventRounds "4"]
[SourceTitle "Corr 2011"]
[Source "ChessBase"]
[SourceDate "2010.08.31"]
[SourceVersion "1"]
[SourceVersionDate "2010.08.31"]
[SourceQuality "1"]
[WhiteTeam "England"]
[BlackTeam "Netherlands"]
[WhiteTeamCountry "ENG"]
[BlackTeamCountry "NED"]

1. e4 c5 2. Nc3 d6 3. g3 g6 4. Bg2 Bg7 5. d3 Nc6 6. Be3 Rb8 7. Qd2 b5 8. Nge2 Nd4 9. 0-0 b4 10. Nd1 e6 11. Nc1 Ne7 12. c3 bxc3 13. bxc3 Ndc6 14. Bh6 0-0 15. Bxg7 Kxg7 16. Ne3 Qb6 17. Nb3 Ba6 18. Rab1 Ne5 19. c4 N5c6 20. Qc3+ e5 21. Nd2 Qc7 22. a3 Nd4 23. Kh1 Rb6 24. Nc2 Nec6 25. Nxd4 Nxd4 26. Nf3 Ne6 27. Bh3 f5 28. exf5 gxf5 29. Nh4 Nd4 30. Qd2 Bb7+ 31. Kg1 Qc6 32. Bg2 Qxg2+ 0-1

[Event "IECC Swiss-518"]
[Site "IECC email"]
[Date "2008.06.23"]
[Round "?"]
[White "Cofer, David"]
[Black "Wingate, Matthew"]
[Result "1-0"]
[WhiteElo "1456"]
[BlackElo "1509"]
[PlyCount "65"]
[EventDate "2008.??.??"]
[EventType "match (corr)"]
[SourceTitle "Corr 2013"]
[Source "ChessBase"]
[SourceDate "2012.11.12"]
[SourceVersion "1"]
[SourceVersionDate "2012.11.12"]
[SourceQuality "1"]
[WhiteTeam "US of America"]
[BlackTeam "Australia"]
[WhiteTeamCountry "USA"]
[BlackTeamCountry "AUS"]

1. e4 d6 2. d4 Nf6 3. Nc3 g6 4. Nf3 Bg7 5. Bd3 0-0 6. Be3 Ng4 7. Bg5 Nc6 8. h3 Nf6 9. a3 e5 10. dxe5 dxe5 11. Qd2 Re8 12. 0-0-0 a6 13. Nd5 Qd6 14. Nxf6+ Bxf6 15. Bc4 Qxd2+ 16. Rxd2 Bg7 17. Be3 b5 18. Bd5 Bb7 19. h4 Rab8 20. h5 Na5 21. hxg6 hxg6 22. Bxb7 Nxb7 23. Rd7 Nd6 24. Rxc7 Nxe4 25. Rc6 a5 26. Rh4 Nf6 27. Rc5 e4 28. Nd4 Nd7 29. Rxb5 Bxd4 30. Bxd4 f5 31. Rxa5 Red8 32. Ra6 Kf7 33. Rh7+ 1-0

[Event "IECC KO-2091"]
[Site "IECC email"]
[Date "2007.06.14"]
[Round "?"]
[White "Wingate, Matthew"]
[Black "Amador, Gabriel"]
[Result "1/2-1/2"]
[WhiteElo "1505"]
[BlackElo "1107"]
[PlyCount "44"]
[EventDate "2007.??.??"]
[EventType "match (corr)"]
[EventRounds "2"]
[SourceTitle "Corr 2020"]
[Source "ChessBase"]
[SourceDate "2019.09.30"]
[SourceVersion "1"]
[SourceVersionDate "2019.09.30"]
[SourceQuality "1"]
[WhiteTeam "England"]
[BlackTeam "Nicaragua"]
[WhiteTeamCountry "ENG"]
[BlackTeamCountry "NCA"]

1. e4 e5 2. Bc4 Bc5 3. Nc3 Nf6 4. d3 0-0 5. f4 Bxg1 6. Rxg1 Nc6 7. Qe2 Nd4 8. Qd1 d6 9. h3 Nd7 10. Be3 Nc6 11. Qf3 exf4 12. Qxf4 Qf6 13. 0-0-0 Qxf4 14. Bxf4 Nb6 15. Nd5 Nxd5 16. Bxd5 Be6 17. Bxc6 bxc6 18. Kb1 a5 19. Rdf1 c5 20. c4 f6 21. g4 g5 22. Bd2 a4 1/2-1/2